01421nam a2200241 i 450000100060000000300090000600500170001500700030003200800410003510000480007624503760012426000790050030000280057953000350060765000510064265000540069365100770074770000450082471000440086985200240091385601360093785601060107353877ES-MaACL20251003063101.0t|931025m18511855sp a ||||1| spa d1 aFernández de Oviedo, Gonzalo, d1478-155710aHistoria general y natural de las Indias, islas y tierra firme del mar océano / cpor el capitán Gonzalo Fernández de Oviedo y Valdés ; publícala la Real Academia de la Historia, cotejada con el códice original, enriquecida con las enmiendas y adiciones del autor, e ilustrada con la vida y el juicio de las obras del mismo por D. José Amador de los Ríos. aMadrid : b[s.n.], c1851-1855 (fImp. de la Real Academia de la Historia) a4 v. : bil. ; c32 cm. aDisponible en formato digital. 4aIndios de América-vObras anteriores a 1800. 4aNaturaleza-zAmérica-vObras anteriores a 1800. 4aAmérica española-xHistoria-y1492-1600 (Descubrimiento y conquista)1 aAmador de los Ríos, José,d1818-18782 aReal Academia de la Historia (España)4 aES-MaACLjB-6513-164 uhttps://bibliotecavirtualmadrid.comunidad.madrid/bvmadrid_publicacion/es/consulta/registro.do?id=3766zBiblioteca Digital de Madrid4 uhttps://bibliotecadigital.aecid.es/bibliodig/es/consulta/registro.do?id=728zBiblioteca Digital AECID